| 000 | 00533nam a22002417a 4500 | ||
|---|---|---|---|
| 003 | UA-OsUOA | ||
| 001 | 22444 | ||
| 007 | ta | ||
| 008 | 20031220b un ||||| |||| 00| 0 ukr d | ||
| 100 | _aБыховский Б.Э. | ||
| 090 |
_a141.32 _bБ95 |
||
| 942 | _cBK | ||
| 040 |
_aUA-OsUOA _brus _cUA-OsUOA _dUA-OsUOA |
||
| 245 | _aКьеркегор | ||
| 300 | _a238 с. | ||
| 955 | _a0 | ||
| 041 | _arus | ||
| 080 | _a141.32 | ||
| 260 |
_aМосква _bМысль _c1972 |
||
| 044 | _aRU | ||
| 650 | 7 | _2UDC | |
| 999 |
_c308664 _d308664 |
||